Library of the University of Algiers 3
Ibrahim Sultan Cheibout
شعار جامعة الجزائر 3
مكتبة جامعة الجزائر 3
إبراهيم سلطان شيبوط

دليل المدير في تفويض السلطة وملامح الإصلاح الإداري، العقود الإدارية وإدارة الأزمات / (رقم التسجيلة. 42575)

تفاصيل مارك
000 -LEADER
fixed length control field 01383nam a2200229Ia 4500
003 - CONTROL NUMBER IDENTIFIER
control field Ost
005 - DATE AND TIME OF LATEST TRANSACTION
control field 20260507075046.0
008 - FIXED-LENGTH DATA ELEMENTS--GENERAL INFORMATION
fixed length control field 260507s9999||||xx |||||||||||||| ||und||
020 ## - INTERNATIONAL STANDARD BOOK NUMBER
International Standard Book Number 9773280675
040 ## - CATALOGING SOURCE
Transcribing agency fsecg
041 ## - LANGUAGE CODE
Language code of text/sound track or separate title ara
082 ## - DEWEY DECIMAL CLASSIFICATION NUMBER
Classification number 330
100 ## - MAIN ENTRY--PERSONAL NAME
Personal name أبو قحف، عبد السلام
Relator term مؤلف
245 #0 - TITLE STATEMENT
Title دليل المدير في تفويض السلطة وملامح الإصلاح الإداري، العقود الإدارية وإدارة الأزمات /
Statement of responsibility, etc. عبد السلام أبو قحف
260 ## - PUBLICATION, DISTRIBUTION, ETC.
Place of publication, distribution, etc. الإسكندرية:
Name of publisher, distributor, etc. دار الجامعة الجديدة للنشر,
Date of publication, distribution, etc. 2002
300 ## - PHYSICAL DESCRIPTION
Extent 193 صفحة؛
Other physical details إيضاحات ؛
Dimensions 23 سم
520 ## - SUMMARY, ETC.
Summary, etc. تفويض السلطة الإدارية-إبرام العقود الإدارية-هيكلية الإدارة العامة-الإصلاح الإداري-ادارة الأزمات-مقدمة-مفهوم إدارة الأزمات-مدخل التخطيط لإدارة الأزمات-القيادة الإستراتيجية في وقت الأزمات-التطبيقات:أزمة تيليتول-أزمة الأقصر1997-أزمة شركة خويتيس للمقاولات-أزمة شركة أماندا للدخان والسجائر-إنقاذ شركةx
653 ## - INDEX TERM--UNCONTROLLED
Uncontrolled term الإصلاح الإداري
653 ## - INDEX TERM--UNCONTROLLED
Uncontrolled term العقود الإدارية
653 ## - INDEX TERM--UNCONTROLLED
Uncontrolled term المديرون
942 ## - ADDED ENTRY ELEMENTS (KOHA)
Koha item type كتب
المقتنيات
Withdrawn status Lost status Source of classification or shelving scheme Damaged status Not for loan Home library Current library Date acquired Serial enumeration / chronology Inventory number Total checkouts Full call number Barcode Date last seen Price effective from Koha item type
    Dewey Decimal Classification   NOT LOAN / إعارة داخلية مكتبة كلية العلوم الإقتصادية والعلوم التجارية وعلوم التسيير مكتبة كلية العلوم الإقتصادية والعلوم التجارية وعلوم التسيير 07/05/2026 الطابق الأرضي 420/1   أ/420ن1 420/1 07/05/2026 07/05/2026 كتب
    Dewey Decimal Classification   Available مكتبة كلية العلوم الإقتصادية والعلوم التجارية وعلوم التسيير مكتبة كلية العلوم الإقتصادية والعلوم التجارية وعلوم التسيير 07/05/2026 الطابق الثاني 420/2   أ/420ن2 420/2 07/05/2026 07/05/2026 كتب

موارد الويب المفتوحة


© University of Algiers 3 All Rights Reserved
|
Implemented by LECHELAH Riad